Score 0/200 Timer 15:00
12 Plays Today
Change* City % Correct
2.1 %New York, New York
97.8%
2.6 %Los Angeles, California
96.6%
-6.9 %Chicago, Illinois
94.9%
0.7 %Dallas, Texas
92.6%
6.4 %Houston, Texas
92.6%
10.2 %Miami, Florida
91.7%
3.7 %San Francisco, California
91.2%
4.8 %Boston, Massachusetts
91.2%
6.7 %San Diego, California
90.3%
8.0 %Seattle, Washington
90.1%
0.6 %Philadelphia, Pennsylvania
90%
-25.0 %Detroit, Michigan
88.4%
9.3 %Phoenix, Arizona
88.4%
0.3 %Atlanta, Georgia
88.1%
21.5 %Las Vegas, Nevada
86.5%
8.4 %Denver, Colorado
86.3%
10.3 %Portland, Oregon
85.8%
-6.6 %Jackson, Mississippi
85.5%
5.2 %Washington, D.C.
85.5%
-29.1 %New Orleans, Louisiana
85.2%
4.1 %Kansas City, Missouri
84%
-0.7 %Kansas City, Kansas
83.9%
18.3 %Austin, Texas
83.5%
14.4 %San Antonio, Texas
83.3%
4.9 %Indianapolis, Indiana
83.1%
-8.6 %Pittsburgh, Pennsylvania
82.9%
-16.9 %Cleveland, Ohio
82.2%
10.2 %Nashville, Tennessee
82.1%
-8.3 %St. Louis, Missouri
81.9%
22.7 %Orlando, Florida
81.8%
-4.6 %Baltimore, Maryland
81.3%
-0.04 %Minneapolis, Minnesota
81.2%
11.7 %Jacksonville, Florida
80.9%
14.6 %Oklahoma City, Oklahoma
80.8%
10.3 %Columbus, Ohio
80.4%
1.9 %Columbus, Georgia
80.4%
14.6 %Sacramento, California
79.5%
-6.3 %Memphis, Tennessee
78.9%
10.6 %Tampa, Florida
78.9%
-10.7 %Buffalo, New York
77.8%
-10.4 %Cincinnati, Ohio
77.6%
5.0 %San Jose, California
76.6%
28.8 %Charlotte, North Carolina
76.2%
-0.6 %St. Paul, Minnesota
75.6%
2.6 %Salt Lake City, Utah
75.6%
40.0 %Raleigh, North Carolina
75.5%
-0.4 %Milwaukee, Wisconsin
73.9%
36.4 %Fort Worth, Texas
72.5%
7.9 %Louisville, Kentucky
71.9%
-2.2 %Oakland, California
71.6%
4.8 %Springfield, Missouri
71.5%
0.7 %Springfield, Massachusetts
71.5%
15.1 %El Paso, Texas
71%
0.4 %Baton Rouge, Louisiana
70.9%
5.4 %Boise, Idaho
70.2%
3.2 %Richmond, Virginia
69.9%
5.6 %Little Rock, Arkansas
69.3%
23.0 %Reno, Nevada
68.7%
-12.5 %Birmingham, Alabama
68.5%
4.2 %Honolulu, Hawaii
68.4%
1.7 %Newark, New Jersey
68.4%
21.4 %Albuquerque, New Mexico
68.3%
0.1 %Omaha, Nebraska
68.1%
2.2 %Des Moines, Iowa
67.4%
11.4 %Madison, Wisconsin
67.3%
14.0 %Lincoln, Nebraska
67%
6.7 %Tucson, Arizona
65.8%
Change* City % Correct
2.5 %Providence, Rhode Island
65.5%
0.5 %Hartford, Connecticut
64.5%
19.1 %Tallahassee, Florida
64.3%
-0.3 %Tulsa, Oklahoma
64%
15.3 %Colorado Springs, Colorado
63.6%
12.1 %Anchorage, Alaska
62.5%
8.4 %Columbia, South Carolina
61.9%
12.4 %Salem, Oregon
60.6%
2.0 %Montgomery, Alabama
60.4%
-4.2 %Rochester, New York
60.4%
3.1 %Jersey City, New Jersey
60.2%
3.0 %Virginia Beach, Virginia
60.1%
13.5 %Lexington, Kentucky
59.4%
15.2 %Fresno, California
59.3%
9.7 %Arlington, Texas
58.8%
9.6 %Arlington, Virginia
58.8%
2.3 %Anaheim, California
58.2%
-8.5 %Toledo, Ohio
57.9%
3.3 %Topeka, Kansas
57.7%
8.6 %Wichita, Kansas
57.6%
-4.5 %Mobile, Alabama
57.2%
0.3 %Augusta, Georgia
56.9%
1.6 %Knoxville, Tennessee
56.7%
0.2 %Long Beach, California
56.3%
-0.9 %Syracuse, New York
55.8%
2.3 %Savannah, Georgia
55.6%
21.5 %Durham, North Carolina
54.1%
-1.6 %St. Petersburg, Florida
54.1%
-8.3 %Akron, Ohio
53.4%
2.5 %Tacoma, Washington
53.4%
10.3 %Mesa, Arizona
53.2%
6.0 %Spokane, Washington
52.3%
-14.9 %Dayton, Ohio
52.3%
42.6 %Bakersfield, California
51.7%
-0.1 %Fort Wayne, Indiana
51.7%
-3.0 %Fort Lauderdale, Florida
51.3%
3.6 %Norfolk, Virginia
50.6%
17.6 %Aurora, Colorado
50.6%
38.1 %Aurora, Illinois
50.6%
-4.9 %Grand Rapids, Michigan
49.9%
10.0 %Corpus Christi, Texas
49.8%
18.5 %Greensboro, North Carolina
48.1%
4.8 %New Haven, Connecticut
48.1%
12.5 %Eugene, Oregon
48%
18.5 %Riverside, California
47%
3.2 %Glendale, Arizona
46.9%
-1.7 %Glendale, California
46.9%
7.3 %Scottsdale, Arizona
46.4%
-0.01 %Yonkers, New York
45.8%
23.3 %Sioux Falls, South Dakota
45.4%
-4.0 %Santa Ana, California
45%
14.8 %Lubbock, Texas
44.6%
4.9 %Worcester, Massachusetts
42.9%
14.0 %Winston-Salem, North Carolina
42.8%
-0.7 %Shreveport, Louisiana
42.8%
87.8 %North Las Vegas, Nevada
42.8%
46.9 %Henderson, Nevada
42.6%
9.1 %Waco, Texas
42.6%
47.3 %Irvine, California
42.2%
2.0 %Tempe, Arizona
41.2%
9.8 %Amarillo, Texas
40.8%
17.0 %Plano, Texas
40.7%
11.4 %San Bernardino, California
40.6%
7.2 %Chattanooga, Tennessee
40.6%
20.0 %Stockton, California
40.1%
3.4 %Bridgeport, Connecticut
39.1%
5.2 %Pasadena, Texas
39%
Change* City % Correct
2.3 %Pasadena, California
39%
12.9 %Irving, Texas
38.4%
32.6 %Laredo, Texas
38%
4.0 %Cedar Rapids, Iowa
37.1%
41.7 %Peoria, Arizona
36.7%
9.0 %Alexandria, Virginia
36.5%
-1.3 %Fayetteville, North Carolina
36.3%
0.2 %Newport News, Virginia
35.9%
12.6 %Huntsville, Alabama
35.5%
-0.8 %Hialeah, Florida
35.4%
10.6 %Vancouver, Washington
35.2%
11.6 %Chesapeake, Virginia
35%
22.8 %Brownsville, Texas
35%
20.6 %Fort Collins, Colorado
34.5%
0.7 %Rockford, Illinois
34.3%
40.5 %Chula Vista, California
34%
33.5 %Chandler, Arizona
33.9%
1.0 %Hollywood, Florida
33.5%
5.3 %Orange, California
33.5%
5.2 %Fremont, California
33.2%
3.7 %Elizabeth, New Jersey
33.1%
6.5 %Modesto, California
33.1%
81.7 %Gilbert, Arizona
32.3%
5.1 %Garland, Texas
32.1%
0.2 %Huntington Beach, California
31.1%
37.6 %Joliet, Illinois
30.9%
-2.0 %Paterson, New Jersey
29.4%
16.0 %Oxnard, California
29.2%
3.7 %Ontario, California
29.1%
13.9 %Santa Clarita, California
28.9%
13.0 %Santa Rosa, California
28.4%
15.2 %Overland Park, Kansas
28.1%
10.4 %Naperville, Illinois
27.9%
3.6 %Oceanside, California
26.9%
31.9 %Lancaster, California
26.8%
21.9 %McAllen, Texas
26%
-3.0 %Warren, Michigan
25.9%
-6.1 %Hampton, Virginia
25.9%
40.0 %Cary, North Carolina
25.2%
50.6 %Cape Coral, Florida
24.7%
86.0 %Port St. Lucie, Florida
24.4%
0.8 %Pomona, Caliornia
24.4%
5.2 %Salinas, California
24.3%
18.9 %West Valley City, Utah
24%
28.3 %Clarksville, Tennessee
23.7%
8.3 %Thousand Oaks, California
23.6%
35.2 %Fontana, California
23.5%
29.4 %Rancho Cucamonga, California
23.3%
19.4 %Corona, California
23.3%
35.2 %Olathe, Kansas
23.1%
12.6 %Pembroke Pines, Florida
22.9%
141.4 %McKinney, Texas
22.8%
30.7 %Palmdale, California
22.7%
-1.0 %Lakewood, Colorado
22.1%
43.1 %Killeen, Texas
21.9%
88.7 %Elk Grove, California
21.9%
4.2 %Sterling Heights, Michigan
21.8%
7.0 %Fullerton, California
21.6%
37.9 %Grand Prairie, Texas
21.6%
7.4 %Escondido, California
21.6%
35.7 %Moreno Valley, California
21.5%
12.2 %Mesquite, Texas
21.4%
3.4 %Garden Grove, California
20.9%
6.3 %Sunnyvale, California
20.7%
5.4 %Torrance, California
20.6%
2.7 %Hayward, California
19.9%
Remove Ads.
Support Sporcle.
Get the best of Sporcle when you Go Orange. This ad-free experience offers more features, more stats, and more fun while also helping to support Sporcle. Thank you for becoming a member.

You're not logged in!

Compare scores with friends on all Sporcle quizzes.
OR
Log In

Sporcle TV

Today on Sporcle TV


Watch our educational content, quiz creation guides, and fun videos on Sporcle TV.

Show Comments

Extras

Top Quizzes Today


Score Distribution

Paid Content

Your Account Isn't Verified!

In order to create a playlist on Sporcle, you need to verify the email address you used during registration. Go to your Sporcle Settings to finish the process.

Report this User

Report this user for behavior that violates our Community Guidelines.

Details: